01415nam a2200241Ia 4500001001100000003001000011008004100021040002500062041001300087100002900100245006200129250001100191260007200202300001200274500026600286501011400552520026600666650002300932942000700955957000600962999004300968952016201011L248-14982IT-CnALBA170116s9999||||xx |||||||||||||| ||und|| aIT-CnALBAcIT-CnALBA aITALIANO aLOUVIGNI GIO. BERNIERES. 0aLA VITA NASCOSTA CON CRISTO IN DIO. RACCOLTA DI SCRITTI.  a1a ed. a NOVARA bRUSCONI PASQUALE - NOVARA. (1846).c1846 [1° Ed.: n.d.] a261 p.  aTRADUZIONE DAL TEDESCO DI UN PROTESTANTE CONVERTITO. PRESENZA IN DIO. ABBANDONO IN LUI. SOLITUDINE IN DIO. PUREZZA. FEDELTÀ. SOFFERENZE. FIDUCIA. RIVERENZA PER LA PRESENZA. VOLONTÀ DI DIO. VITA CRISTIANA. FELICITÀ. S. COMUNIONE. MASSIME SPIRITUALI. TRADUT aSocietà San Paolo EM - Piazza San Paolo, 14 - 12051 ALBA (CN) (non commercial uses only) ® Copyright 2017 aTRADUZIONE DAL TEDESCO DI UN PROTESTANTE CONVERTITO. PRESENZA IN DIO. ABBANDONO IN LUI. SOLITUDINE IN DIO. PUREZZA. FEDELTÀ. SOFFERENZE. FIDUCIA. RIVERENZA PER LA PRESENZA. VOLONTÀ DI DIO. VITA CRISTIANA. FELICITÀ. S. COMUNIONE. MASSIME SPIRITUALI. TRADUT aASCETICA E MISTICA cBK 71 a19732bSI g Copie: 1 c274151d274151 0010406L_2481498271aALBAbALBAd2017-01-16l0oL248-14982r2017-01-16 00:00:00w2017-01-16yBKz(data import: 16 gennaio 2017) - By Epidotti, Vaglietti.